- Pino Espejo, María José del
Entry Nombre Personal
001 - NUMERO DE CONTROL
- campo de control: 46951
003 - IDENTIFICADOR DE NUMERO DE CONTROL
- campo de control: DLC
005 - FECHA Y HORA DE LA ÜLTIMA TRANSACCIÓN
- campo de control: 20221004134931.0
008 - DATOS DE LONGITUD FIJA
- campo de control de longitud fija: 221004n| azannaabn |a aaa
010 ## - NÚMERO DE CONTROL DE LA BIBLIOTECA DEL CONGRESO
- Número de control LC: n 2018003470
035 ## - NUMERO DE CONTROL
- Número de control: (CaEvSKY)skya11572976
040 ## - FUENTE DE CATALOGACIÓN
- Agencia original de catalogación: DLC
- Lenguaje de catalogación: spa
- Description conventions: rda
- Agencia de transcripción: DLC
- Agencia que lo modifica: MX-SlUA
- Agencia que lo modifica: MX-MxUPN
100 1# - ENCABEZAMIENTO - NOMBRE PERSONAL
- Nombre personal: Pino Espejo, María José del
373 ## - GRUPO ASOCIADO
- Associated group: Universidad Pablo de Olavide de Sevilla
- Fuente del término: naf
374 ## - OCUPACIÓN
- Occupation: Profesores universitarios
- Fuente del término: lemb
375 ## - GÉNERO
- Gender: Femenino
377 ## - LENGUA ASOCIADA
- Language code: spa
400 1# - VEÁSE - NOMBRE DE PERSONA
- Personal name: Del Pino Espejo, María José
400 1# - VEÁSE - NOMBRE DE PERSONA
- Personal name: Espejo, María José del Pino
670 ## - FUENTE EN LA QUE SE LOCALIZARON DATOS
- Cita de la fuente: Indicadores de violencia de género en el Perú, 2017:
- Información localizada: portada (María José del Pino Espejo)
670 ## - FUENTE EN LA QUE SE LOCALIZARON DATOS
- Cita de la fuente: Violencia de género y cooperación universitaria al desarrollo, 2017:
- Información localizada: portada (María Jose del Pino Espejo) solapa frontal (Doctora en Sociología, Universidad Pablo de Olavide de Sevilla, Docente)
902 ## - CATALOGADOR
- Catalogador: VAGG/041022
